| 000 | 00879nam a22002417a 4500 | ||
|---|---|---|---|
| 005 | 20130613143755.0 | ||
| 008 | 120403t xxu||||| |||| 00| 0 eng d | ||
| 010 | _aENG-104933 | ||
| 020 |
_a9780198080152 _c2100.00 |
||
| 020 |
_a0198080158 _c2100.00 |
||
| 035 | _aEN-88466 | ||
| 037 | _bDBAD/PUB | ||
| 040 |
_aDPL _bEng |
||
| 082 | _a411.709548 | ||
| 245 |
_aDictionary of social, economic and administrative terms in south Indian inscriptions / _cedited by K.V. Ramesh |
||
| 260 |
_aNew Delhi _bOxford University Press _c2012 |
||
| 270 |
_aYMCA Library Building, 1 Jai Singh Road _bNew Delhi _e110001 |
||
| 300 |
_aV.1(xxiv,352p.) _c28cm(Hb) |
||
| 490 | _aICHR series of dictionaries of social, economic and administrative terms in Indian inscriptions | ||
| 505 | _av.1-(A-D) | ||
| 700 |
_aRamesh, K.V. _944670 |
||
| 942 |
_2ddc _cEN _mDIC _h411.709548 |
||
| 999 |
_c64604 _d64604 |
||